| 000 | 00919nam a2200241 i 4500 | ||
|---|---|---|---|
| 001 | 185290 | ||
| 003 | SpMaBN | ||
| 005 | 20231218201342.0 | ||
| 008 | 160509s2014 sp |||| | spa d | ||
| 080 | _a821.134.2-1"19" | ||
| 100 | 1 |
_aEscudero, Isabel, _d1944-2017 _947684 |
|
| 245 | 1 | 0 |
_aAlfileres _b: coplas libertarias / _cIsabel Escudero ; [selección, Nieves Muriel, Jorge Pérez y Virginia López Graña]. |
| 250 | _acoed. de: La Cotali. | ||
| 260 |
_a[Madrid] ; _aGranada ; _aSevilla : _bCooperativa de trabajadores anónimos del libro, _c2014. |
||
| 300 |
_a108 , III p. ; _c16 cm. |
||
| 490 | 1 |
_aCancionero ; _v2 |
|
| 504 | _aBibliografía: p. III. | ||
| 830 | 0 |
_aCancionero ; _v2 _9225185 |
|
| 852 |
_aES-MaACL _jA-13741 _9192313 _bR.150358 _cDEPO1 _dOlim: N-6741 _hDonación: Isabel Escudero |
||
| 903 |
_aEscudero, Isabel, _d1944-2017 _ednr _947684 |
||
| 942 |
_2udc _cMONOGRAFIA |
||
| 999 |
_c185290 _d185290 |
||